00410nam a2200109Ia 4500008004100000100002200041245006800063260006900131300001100200650002100211856006800232160712s9999 xx 000 0 und d aDerain, Allan N.  cAllan N. DerainaKung Sino ang Mas Kilabot sa Aswang at Tulisan c2014bLikhaan: The Journal of Contemporary Philippine Literature avol. 8 xMAIKLING KUWENTO uhttp://journals.upd.edu.ph/index.php/lik/issue/view/538/showToc